000 00971cam a2200277 4500
001 J3660
008 090401t1996 xxu||||| |||| 00| 0 eng d
035 _a(Sirsi) u56307
041 _aeng
050 _a692.8
090 _aJCT 1996/2A
110 _aJoint Contracts Tribunal
_93664
245 _aStandard form of measured term contract 1989 edition. Amendment 2 and guidance notes issued March 1996 : Construction (Design and Management) Regulations 1994 (CDM Regulations).
260 _aLondon
_bRIBA Publications
_c1996
300 _a20p. ; 30cm.
350 _a1.5
650 _aAMENDMENT 2
650 _aCONSTRUCTION (DESIGN AND MANAGEMENT) REGULATIONS 1994
650 _aCONDAM REGULATIONS
650 _aCONSTRUCTION (DESIGN AND MANAGEMENT) REGULATIONS 1994
650 _aJCT STANDARD FORM OF MEASURED TERM CONTRACT
650 _aMEASURED TERM CONTRACTS
690 _aBUILT ENVIRONMENT-BUILDING CONTRACT FORMS
942 _n0
948 _c04/03/1997
999 _c93770
_d93770